Pediatric nursing: content review plus practice questions
Αποθηκεύτηκε σε:
| Κύριος συγγραφέας: | |
|---|---|
| Μορφή: | Βιβλίο |
| Γλώσσα: | Αγγλικά |
| Έκδοση: |
F .A. Davis
2015
|
| Ετικέτες: |
Προσθήκη ετικέτας
Δεν υπάρχουν, Καταχωρήστε ετικέτα πρώτοι!
|
MARC
| LEADER | 00000nam a22000007a 4500 | ||
|---|---|---|---|
| 008 | 211125b ||||| |||| 00| 0 eng d | ||
| 020 | |a 9780803630420 | ||
| 100 | |a De Sevo, Margot R. | ||
| 245 | |a Pediatric nursing: |b content review plus practice questions |c Margot R. De Sevo, |g xvii, 558p. |e (Davi's success plus series) | ||
| 260 | |b F .A. Davis |c 2015 |h Philadelphia |i 697044 |i 697045 |l RJ245.Se8 |m Nursing Care - Methods -Examination Questions |m Adolescent |m Child |m Infant |m Pediatric Nursing - M ethods - Examination Questions | ||
| 500 | |a It includes bibliographical references and index | ||
| 942 | |a lcc |c BK |e Adeyeye Y. S. |f 25/11/21 | ||
| 952 | |0 0 |1 0 |2 lcc |4 0 |6 RJ0245 S E8 |7 0 |9 3931 |a HOL |b HOL |c QZ |d 2021-11-25 |o RJ245.Se8 |p 2021-67654 |r 2021-11-25 00:00:00 |t 697044 |w 2021-11-25 |y BK | ||
| 952 | |0 0 |1 0 |2 lcc |4 0 |6 RJ0045 S E8 |7 0 |9 3932 |a HOL |b HE |c QZ |d 2021-11-25 |o RJ45.Se8 |p 2021-67655 |r 2021-11-25 00:00:00 |t 697045 |w 2021-11-25 |y BK | ||
| 999 | |c 1967 |d 1967 | ||